Oscar Winners for Best Animated Feature - Statistics

General Stats
  • This quiz has been taken 207 times
    33 since last reset
  • The average score is 17 of 25
Answer Stats
Year Studio Movie % Correct
2002 Dreamworks Shrek
92%
2003 Studio Ghibli Spirited Away
83%
2005 Pixar The Incredibles
83%
2011 Pixar Toy Story 3
79%
2010 Pixar Up
79%
2004 Pixar Finding Nemo
75%
2019 Sony Spiderman, Into the Spider-Verse
75%
2024 Studio Ghibli The Boy and the Heron
75%
2009 Pixar Wall-E
75%
2026 Sony Kpop Demon Hunters
71%
2025 Dream Well Studios Flow
67%
2013 Pixar Brave
63%
2022 Disney Encanto
63%
2014 Disney Frozen
63%
2008 Pixar Ratatouille
63%
2021 Pixar Soul
63%
2020 Pixar Toy Story 4
63%
2016 Pixar Inside Out
58%
2017 Disney Zootopia
58%
2015 Disney Big Hero 6
54%
2023 Netflix Guillermo Del Toro's Pinocchio
54%
2007 Warner Bros. Happy Feet
54%
2018 Pixar Coco
50%
2006 Dreamworks Wallace and Gromit, The Curse of the Were-Rabbit
50%
2012 Paramount Pictures Rango
46%
No matching quizzes found
Score Distribution
Percent of People with Each Score
Percentile by Number Answered
Your Score History
You have not taken this quiz since the last reset